Spring Pearl : (Record no. 17184)

000 -LEADER
fixed length control field 00695nam a2200205Ia 4500
020 ## - INTERNATIONAL STANDARD BOOK NUMBER
ISBN 1584855193
020 ## - INTERNATIONAL STANDARD BOOK NUMBER
ISBN 1584855959
040 ## - CATALOGING SOURCE
Transcribing agency LPU
082 ## - DEWEY DECIMAL CLASSIFICATION NUMBER
Classification number 971 PLE 2002 A111 Or.
100 1# - MAIN ENTRY--AUTHOR NAME
Personal name Yep, Laurence,
245 10 - TITLE STATEMENT
Title Spring Pearl :
Remainder of title the last flower /
260 ## - PUBLICATION, DISTRIBUTION, ETC. (IMPRINT)
Place of publication Middleton, Wis. :
Name of publisher Pleasant Co. Publications,
Year of publication c2002.
300 ## - PHYSICAL DESCRIPTION
Number of Pages 204 p. :
Other physical details ill. (some col.) ;
Dimensions 19 cm.
500 ## - GENERAL NOTE
General note "American girl."
520 ## - SUMMARY, ETC.
Summary, etc Called boyish by her new family for being able to read and write, twelve-year-old orphaned Spring Pearl's "odd ways" help save the family during the 1857 Opim War in Canton, China.
650 #0 - SUBJECT ADDED ENTRY--TOPICAL TERM
Topical Term Families
650 #0 - SUBJECT ADDED ENTRY--TOPICAL TERM
Topical Term Orphans
650 #0 - SUBJECT ADDED ENTRY--TOPICAL TERM
Topical Term Sex role
942 ## - ADDED ENTRY ELEMENTS (KOHA)
Koha item type សៀវភៅភាសាអង់គ្លេស
952 ## - LOCATION AND ITEM INFORMATION (KOHA)
Withdrawn status [LOCAL, KOHA] 0
952 ## - LOCATION AND ITEM INFORMATION (KOHA)
Withdrawn status [LOCAL, KOHA] 0
Holdings
Permanent Location Date acquired Koha item type Lost status Shelving location Barcode Current Location Full call number
Library Block A2018-09-03សៀវភៅភាសាអង់គ្លេស A111A17881Library Block A971 PLE 2002 A111 Or.
Library Block A2018-09-03សៀវភៅភាសាអង់គ្លេស A111A15763Library Block B971 PLE 2002 A111 Or.
មជ្ឈមណ្ឌលឯការនៃសាកលវិទ្យាល័យភូមិន្ទកសិកម្មចំការដូង

Powered by Koha